000 00222nam a22000857a 4500
008 160713b xxu||||| |||| 00| 0 eng d
100 _92752
_a Loomis, E.A
245 _aThe Self in Pilgrimage
260 _aN.Y
_b Harper & Row
_c1960
999 _c2388
_d2388